000 00321nam a2200133 i 4500
001 bg
100 1 _aIDEN, R.
245 0 _aSoudarenija elementarnych castic pri vysokich energijach /
_cR. Iden.
260 _aMoskva,
_c1970.
040 _cBPK
041 _apol
942 _cKS
008 s pl f |000 0 pol
999 _c8931
_d8931
856 _uhttp://koha.tu.koszalin.pl/cgi-bin/koha/opac-detail.pl?biblionumber=8931
_yKatalog online BPK